| Tag |
First Indicator |
Second Indicator |
Subfields |
| LEADER |
00000cam a2200000 4500 |
| 001 |
in00000287828 |
| 005 |
20151010075754.0 |
| 008 |
740301s1962 ilua b 00000beng |
| 010 |
|
|
|a 62016398
|
| 035 |
|
|
|a (OCoLC)00818348
|
| 035 |
|
|
|9 ABF4549AM
|
| 040 |
|
|
|c KSU
|d TXA
|d UtOrBLW
|
| 049 |
|
|
|a TXAM
|c [364079]
|
| 050 |
0 |
0 |
|a CT275.V23
|b H6
|
| 100 |
1 |
|
|a Hoyt, Edwin P.
|q (Edwin Palmer),
|d 1923-2005.
|
| 245 |
1 |
0 |
|a Commodore Vanderbilt.
|
| 264 |
|
1 |
|a Chicago :
|b Reilly & Lee Co.,
|c 1962.
|
| 300 |
|
|
|a 166 pages :
|b illustrations ;
|c 21 cm.
|
| 336 |
|
|
|a text
|b txt
|2 rdacontent
|
| 337 |
|
|
|a unmediated
|b n
|2 rdamedia
|
| 338 |
|
|
|a volume
|b nc
|2 rdacarrier
|
| 600 |
1 |
0 |
|a Vanderbilt, Cornelius,
|d 1794-1877.
|
| 999 |
|
|
|a MARS
|
| 999 |
f |
f |
|s 07d2c98c-4399-324b-8628-dd576badf017
|i 77dadecc-370b-37b8-b641-d9333be3ddf9
|t 0
|
| 952 |
f |
f |
|p normal
|a Texas A&M University
|b College Station
|c Sterling C. Evans Library
|d Evans: Library Stacks
|t 0
|e CT275.V23 H6
|h Library of Congress classification
|i unmediated -- volume
|m A14801859522
|
| 998 |
f |
f |
|a CT275.V23 H6
|t 0
|l Evans: Library Stacks
|